Personnages d'ici tout commence par images - Statistiques

Statistiques générales
  • Ce quiz a été pris 209 fois
  • Le résultat moyen est 74 sur 140
Statistiques - réponses
Par images Réponse % Correct
emmanuel
96%
jim
93%
mehdi
91%
anaïs
90%
charlène
90%
enzo
90%
clotilde
88%
théo
87%
claire
86%
loup
86%
naël
85%
rose
84%
tom
84%
kelly
83%
louis
83%
maxime
83%
pénélope
83%
jasmine
82%
stanislas
82%
constance
81%
joséphine
80%
zoé
80%
billie
79%
hortense
79%
carla
77%
gaspard
77%
anouk
76%
greg
76%
lionel
76%
milan
76%
salomé
76%
alice
75%
david
75%
fleur
75%
lisandro
75%
malik
75%
ninon
75%
éliott
74%
solal
74%
victorine
74%
auguste
73%
bérénice
73%
léonard
73%
antoine
72%
coline
72%
émi
72%
jérémy
72%
joachim
72%
célia
71%
jude
71%
maya
71%
olivia
71%
thelma
71%
marc
70%
gaëtan
68%
inès
68%
laëtitia
68%
bakary
67%
bianca
67%
éthan
67%
ferdinand
67%
gary
67%
axel
66%
deva
66%
ambre
64%
marta
64%
ismaël
63%
angèle
62%
julia
62%
mattéo
62%
thibault
62%
souleymane
61%
césar
58%
jeanne
57%
hector
56%
livio
54%
romain
53%
cléo
51%
annabelle
48%
noémie
47%
denis
45%
guillaume
44%
ludivine
43%
zacharie
43%
benoît
42%
hippolyte
42%
malo
42%
sabri
42%
andréa
41%
thomas
41%
estéban
39%
élodie
38%
samia
38%
iris
36%
juliette
36%
paul
36%
louane
35%
hugues
34%
quentin
33%
lucile
32%
thaïs
31%
étienne
30%
eugénie
29%
daniel
28%
amaury
27%
dominique
27%
éloi
27%
maxence
27%
vincent
27%
delphine
26%
philippe
26%
stéphane
26%
anne
25%
lina
25%
charlotte
23%
stella
23%
caroline
22%
édouard
21%
sylvie
20%
brice
19%
valérie
19%
diego
18%
carole
17%
cécile
17%
fabien
17%
léna
17%
lola
17%
éléonore
16%
gaelle
16%
isabelle
15%
nicolas
15%
tony
15%
mylène
14%
aurélien
13%
boris
13%
soan
13%
florence
12%
alyssia
11%
pascal
11%
gloria
10%
Aucun quiz correspondant
Distribution des résultats
% des personnes avec chaque résultat
Percentile par nombre de réponses
Votre historique - résultats
Vous n’avez pas pris ce quiz